00677cam a22002171 4500001001300000003000400013005001700017008004100034010001700075035002000092040001700112042001200129050001900141100003500160245002600195260015600221300001900377650002500396752002100421999001700442he 67001070 DLC20260227111447.0840406s1797 gr 000 0 heb  ahe 67001070  a(OCoLC)19144268 aDLCcMHdDLC apremarc00aBM522.61b.E291 aMedina, Shmuel de,d1506-1589.10aSheʼelot u-teshuvot. aSalonika :bNidpas be-vet Shabtai Neḥamah, bi-defus beno Ḥayim Avraham ben Shabtai ṿa-ḥavero ʻAdi ben Yaʼudah ha-Levi Ashkenasi,c[1797-1798] av. ;c30 cm. 0aResponsay1040-1600. aGreecedSalonika c32412d32412